WAP-Wireless application protocol: (Record no. 3844)
[ view plain ]
| 000 -LEADER | |
|---|---|
| fixed length control field | 00758nam a2200241Ia 4500 |
| 003 - CONTROL NUMBER IDENTIFIER | |
| control field | OSt |
| 005 - DATE AND TIME OF LATEST TRANSACTION | |
| control field | 20220107122736.0 |
| 008 - FIXED-LENGTH DATA ELEMENTS--GENERAL INFORMATION | |
| fixed length control field | 130318s9999 xx 000 0 und d |
| 020 ## - INTERNATIONAL STANDARD BOOK NUMBER | |
| International Standard Book Number | 9788131701287 |
| 040 ## - CATALOGING SOURCE | |
| Transcribing agency | IIITM-K |
| 082 ## - DEWEY DECIMAL CLASSIFICATION NUMBER | |
| Classification number | 006.77 SIN/W |
| 100 ## - MAIN ENTRY--PERSONAL NAME | |
| Personal name | Singhal, Sandeep |
| 9 (RLIN) | 4120 |
| 245 ## - TITLE STATEMENT | |
| Title | WAP-Wireless application protocol: |
| Remainder of title | Writing applications for the mobile internet |
| Statement of responsibility, etc. | by Sandeep Singhal et.al |
| 260 ## - PUBLICATION, DISTRIBUTION, ETC. | |
| Name of publisher, distributor, etc. | Pearson, |
| Place of publication, distribution, etc. | New Delhi, |
| Date of publication, distribution, etc. | 2001. |
| 300 ## - PHYSICAL DESCRIPTION | |
| Extent | 698p. |
| 650 ## - SUBJECT ADDED ENTRY--TOPICAL TERM | |
| Topical term or geographic name entry element | COMMUNICATION ENGINEERING |
| 9 (RLIN) | 4121 |
| 650 ## - SUBJECT ADDED ENTRY--TOPICAL TERM | |
| Topical term or geographic name entry element | COMMUNICATION PROTOCOL |
| 9 (RLIN) | 4122 |
| 650 ## - SUBJECT ADDED ENTRY--TOPICAL TERM | |
| Topical term or geographic name entry element | WIRELESS APPLICATION PROTOCOL |
| 9 (RLIN) | 4123 |
| 650 ## - SUBJECT ADDED ENTRY--TOPICAL TERM | |
| Topical term or geographic name entry element | MOBILE APPLICATIONS |
| 9 (RLIN) | 4124 |
| 700 ## - ADDED ENTRY--PERSONAL NAME | |
| Personal name | Bridgman, Thomas |
| 9 (RLIN) | 4125 |
| 700 ## - ADDED ENTRY--PERSONAL NAME | |
| Personal name | Suryanarayana, Lalitha |
| 9 (RLIN) | 4126 |
| 942 ## - ADDED ENTRY ELEMENTS (KOHA) | |
| Source of classification or shelving scheme | Dewey Decimal Classification |
| Koha item type | Books |
| Withdrawn status | Lost status | Source of classification or shelving scheme | Damaged status | Not for loan | Home library | Current library | Shelving location | Date acquired | Cost, normal purchase price | Total Checkouts | Full call number | Barcode | Date last seen | Price effective from | Koha item type |
|---|---|---|---|---|---|---|---|---|---|---|---|---|---|---|---|
| Dewey Decimal Classification | Kerala University of Digital Sciences, Innovation and Technology Knowledge Centre | Kerala University of Digital Sciences, Innovation and Technology Knowledge Centre | Computer Science | 17/04/2014 | 506.00 | 006.77 SIN/W | 3511 | 03/12/2020 | 17/04/2014 | Books |